[Event "HCL-E033"]
[Site "www.playchess.de"]
[Date "2001.04.17"]
[Round "2"]
[White "mvs"]
[Black "Radost"]
[WhiteElo "2000"]
[BlackElo "1969"]
[PlyCount "24"]
[Result "0-1"]

1.c4 e5 2.Nc3 Nf6 3.g3 Nc6 4.Bg2 Bb4 5.Nd5 Bc5 
6.e3 O-O 7.Ne2 Re8 8.O-O e4 9.Nec3 d6 10.Nxf6+ 
Qxf6 11.Nxe4 Qg6 12.Nxc5 dxc5 0-1

[Event "HCL-B207"]
[Site "www.playchess.de"]
[Date "2001.04.17"]
[Round "4"]
[White "adamant"]
[Black "smokin247"]
[WhiteElo "1045"]
[BlackElo "1200"]
[PlyCount "43"]
[Result "1-0"]

1.c4 g6 {hello}  2.Nc3 Bg7 3.d4 b6 4.e4 h6 5.Nf3 
Bb7 6.Be3 a6 7.Bd3 Nf6 8.O-O Nc6 9.a3 Ng4 10.e5 e6 
11.Bd2 Nxd4 12.Nxd4 Qh4 13.h3 Nxe5 14.Be2 f5 
15.Nf3 {Your last move if 14...Qxd4 would have 
hurt.}  Nxf3+ 16.Bxf3 c6 17.Qb3 Bd4 18.Ne2 Bc5 
19.Bc3 O-O 20.g3 Bxf2+ 21.Kxf2 Qe7 
22.Qxb6 1-0

[Event "HCL-C203"]
[Site "www.playchess.de"]
[Date "2001.04.17"]
[Round "16"]
[White "Martinio"]
[Black "flywheel"]
[WhiteElo "1331"]
[BlackElo "1211"]
[PlyCount "59"]
[Result "1-0"]

1.d4 {hi}  d5 {hello}  2.c4 Nf6 3.Nf3 Bg4 4.cxd5 
{hi}  Qxd5 {hello}  5.Nc3 Qa5 {How are you doing 
today. It's cold here.}  6.Qb3 {I work. Where are 
you from?}  Qb6 {I'm from Fort Dodge, Iowa. How 
about you?}  7.Qxb6 {I'm from Dobrich, Bulgaria, 
50km. from Black Sea}  axb6 {That's interesting, 
I've studied about the Black Sea. It has a rich 
history.}  8.Bf4 e6 9.Ne5 Bb4 10.Nxg4 Nxg4 11.Bxc7 
Nc6 12.e3 Nf6 13.Bc4 O-O 14.Bg3 Rac8 15.Bd3 Nd5 
16.Kd2 Nxd4 17.exd4 Nxc3 18.a3 Ne4+ 19.Ke2 Nxg3+ 
20.hxg3 e5 21.Bxh7+ Kh8 22.Bf5+ Kg8 23.Bxc8 Bd6 
24.Bxb7 exd4 25.Rac1 Re8+ 26.Kd3 Re7 27.Rc8+ Re8 
28.Rxe8+ Bf8 29.Kxd4 f5 30.Bd5+ 1-0

[Event "ACL-A109"]
[Site "www.playchess.de"]
[Date "2001.04.17"]
[Round "8"]
[White "Kevin"]
[Black "phGM4233"]
[WhiteElo "1451"]
[BlackElo "1500"]
[PlyCount "25"]
[Result "1-0"]

1.e4 d5 2.exd5 Nf6 3.d4 e6 4.dxe6 Bxe6 5.Nf3 Be7 
6.Bb5+ c6 7.Be2 Nbd7 8.O-O Qc7 9.Nc3 O-O-O 10.Ng5 
Nc5 11.Be3 h6 12.Nxe6 Nxe6 13.Bc4 1-0

[Event "HCL-B204"]
[Site "www.playchess.de"]
[Date "2001.04.17"]
[Round "15"]
[White "harkbrw"]
[Black "Torenvalk"]
[WhiteElo "1200"]
[BlackElo "1646"]
[PlyCount "80"]
[Result "0-1"]

1.e4 {hi! good luck!}  e5 2.Nf3 Nc6 3.d4 exd4 
4.Bc4 h6 5.c3 Nf6 6.Qd3 d6 7.cxd4 Bg4 8.O-O Be7 
9.Bf4 Bxf3 10.Qxf3 Nxd4 11.Qc3 c5 12.Re1 O-O 13.b4 
b5 14.bxc5 dxc5 15.e5 Nd5 16.Bxd5 Qxd5 17.Qg3 g5 
18.Nc3 Qe6 19.Rad1 Rfd8 20.h4 b4 21.Ne4 Ne2+ 
22.Rxe2 Rxd1+ 23.Kh2 Qg6 24.Nf6+ Bxf6 25.exf6 gxf4 
26.Qxg6+ fxg6 27.Re7 Kf8 28.f3 Re8 29.Rxa7 Ree1 
30.Kh3 h5 31.g3 Reh1+ 32.Kg2 Rdg1+ 33.Kf2 fxg3+ 
34.Ke3 Rge1+ 35.Kf4 g2 36.Kg5 g1Q+ {%}  37.Kh6 
{%?}  Re6 {99 % sure i win.}  38.f7 {I know but 
i'll try :)}  Qe3+ {Ok.good luck .}  39.Kh7 Rd1 
40.Kh8 Qh6+ 0-1

[Event "HCL-A096"]
[Site "www.playchess.de"]
[Date "2001.04.17"]
[Round "7"]
[White "chessnut"]
[Black "Flemming"]
[WhiteElo "2068"]
[BlackElo "1946"]
[PlyCount "67"]
[Result "1/2-1/2"]

1.c4 Nf6 {Welcome! I see this is really gonna be a 
transatlantic encounter. Warming up to Ryder Cup 
:-)}  2.g3 g6 3.Bg2 Bg7 4.Nc3 c5 5.e3 Nc6 6.Nge2 
O-O 7.O-O e6 8.d4 cxd4 9.Nxd4 Nxd4 10.exd4 d5 
11.b3 b6 12.Re1 Bb7 13.Ba3 Re8 14.Rc1 Qd7 15.c5 b5 
16.b4 Rad8 17.Qd3 a6 18.Rc2 Ne4 19.Bb2 Nxc3 
20.Bxc3 e5 21.dxe5 d4 22.Bxb7 Qxb7 23.Bd2 Rxe5 
24.Rxe5 Bxe5 25.c6 Qc8 26.Rc5 Re8 27.f4 Bc7 28.f5 
Bb6 29.Rc1 gxf5 30.c7 Qd7 31.Bf4 Rc8 32.Qd2 d3+ 
33.Kg2 Bxc7 34.Bxc7 1/2-1/2

[Event "HCL-E033"]
[Site "www.playchess.de"]
[Date "2001.04.17"]
[Round "23"]
[White "MarkusSSG"]
[Black "paule"]
[WhiteElo "2308"]
[BlackElo "1994"]
[PlyCount "33"]
[Result "1-0"]

1.d4 Nf6 2.Nf3 e6 3.Bf4 c5 4.e3 d5 5.c3 Nc6 6.Nbd2 
Be7 7.Bd3 O-O 8.Ne5 Bd7 9.h4 Rc8 10.Rh3 Be8 11.h5 
h6 12.Rg3 Kh8 13.Qf3 Qb6 14.Bxh6 gxh6 15.Qf4 Ng8 
16.Rxg8+ Kxg8 17.Qxh6 1-0

[Event "HCL-C218"]
[Site "www.playchess.de"]
[Date "2001.04.17"]
[Round "14"]
[White "TAX"]
[Black "jayr015"]
[WhiteElo "1000"]
[BlackElo "963"]
[PlyCount "51"]
[Result "1-0"]

1.d4 d5 {Good Luck!}  2.Nf3 f5 3.e3 Nc6 4.Bb5 Bd7 
5.Nc3 e6 6.Bxc6 Bxc6 7.Bd2 Qd6 8.Ne5 Nh6 9.e4 
O-O-O 10.Bxh6 Be8 11.Bg5 Be7 12.Bxe7 Qxe7 13.exd5 
exd5 14.O-O Rf8 15.Re1 Rf6 16.Nc6 Qd7 17.Nxd8 Qxd8 
18.Nxd5 Qxd5 19.Rxe8+ Kd7 20.Re5 Qd6 21.Qf3 Qxd4 
22.Rd5+ Qxd5 23.Qxd5+ Ke7 24.Re1+ Kf8 25.Qd8+ Kf7 
26.Qe8+ 1-0

[Event "HCL-A097"]
[Site "www.playchess.de"]
[Date "2001.04.17"]
[Round "1"]
[White "Chapo"]
[Black "jackdyn"]
[WhiteElo "1984"]
[BlackElo "1881"]
[PlyCount "64"]
[Result "0-1"]

1.c4 e5 2.Nc3 Nf6 3.g3 c6 4.Nf3 e4 5.Nd4 d5 6.cxd5 
Bc5 7.Nb3 Bb4 8.dxc6 Nxc6 9.Bg2 Bf5 10.O-O Be7 
11.Qc2 Nb4 12.Qb1 Rc8 13.a3 Nc6 14.d4 exd3 15.e4 
Be6 16.Nd2 O-O 17.Nf3 Na5 18.Nd2 Re8 19.Nd1 Nb3 
20.Nxb3 Bxb3 21.Bd2 Rc2 22.Be3 Bc5 23.Bxc5 Rxc5 
24.Nc3 d2 25.Bf3 Qd4 26.a4 Rd8 27.Kg2 Qb4 28.Bd1 
Bc4 29.Rg1 Bd3 30.Qa2 Nxe4 31.Nxe4 Qxe4+ 32.Bf3 
Qd4 0-1

[Event "HCL-C213"]
[Site "www.playchess.de"]
[Date "2001.04.17"]
[Round "14"]
[White "kazan"]
[Black "Saroman"]
[WhiteElo "1000"]
[BlackElo "1000"]
[PlyCount "92"]
[Result "1/2-1/2"]

1.e4 e5 2.Nf3 Nc6 3.Bb5 a6 4.Ba4 Nf6 5.O-O b5 
6.Bb3 Be7 7.Re1 d6 8.a4 Bg4 9.h3 Bh5 10.c3 O-O 
11.d4 exd4 12.cxd4 Bxf3 13.gxf3 Qd7 14.Kh2 Nh5 
15.f4 g6 16.Nc3 Na5 17.Nd5 Nxb3 18.Qxb3 Rab8 
19.Qc3 Rfc8 20.axb5 Rxb5 21.Rxa6 Rxd5 22.exd5 Bh4 
23.Qe3 Qb5 24.Ra7 Qxd5 25.Bd2 Rb8 26.Rc1 Rxb2 
27.Qe8+ Kg7 28.Rcxc7 Bg3+ 29.Kg1 Bxf2+ 30.Kf1 Ng3+ 
31.Kxf2 Rxd2+ 32.Ke1 Re2+ 33.Qxe2 Nxe2 34.Rcxf7+ 
Qxf7 35.Rxf7+ Kxf7 36.Kxe2 Ke6 37.Ke3 d5 38.Kf2 
Kf5 39.Kf3 h6 40.Ke3 g5 41.fxg5 Kxg5 42.Kf3 h5 
43.Kg3 Kf5 44.Kf3 h4 45.Ke3 Kg5 46.Kf3 
Kf5 1/2-1/2

[Event "HCL-M014"]
[Site "www.playchess.de"]
[Date "2001.04.17"]
[Round "7"]
[White "ARMAGEDON_8"]
[Black "Avulcan"]
[WhiteElo "2257"]
[BlackElo "2200"]
[PlyCount "51"]
[Result "1-0"]

1.e4 Nf6 2.e5 {good luck!!}  Nd5 3.d4 d6 4.Nf3 Bg4 
5.Be2 e6 6.O-O Be7 7.c4 Nb6 8.h3 Bh5 9.Nc3 O-O 
10.Be3 Nc6 11.exd6 cxd6 12.d5 exd5 13.Nxd5 Nxd5 
14.Qxd5 Bg6 15.Nd4 Bf6 16.Nxc6 bxc6 17.Qxc6 Bxb2 
18.Rad1 Qa5 19.Rxd6 Qxa2 20.Qa6 {THIS GAME IS 
CRUCIAL FOR THE ASSEMENT OF THE WHOLE VARIATION 
AND I THINK I CAN TRY FOR MORE,SORRY.}  Ba3 21.c5 
Qb3 22.Bc4 {HOW THINGS GO IN RUSSIA?}  Qc3 23.Bd4 
Qc2 24.Bd5 Bd3 25.Qxa3 Bxf1 26.Qg3 {THIS IS THE 
END,CHECKMATE IS COMING SOON.} 
 1-0

[Event "ACL-A119"]
[Site "www.playchess.de"]
[Date "2001.04.17"]
[Round "6"]
[White "Buddha"]
[Black "xenium"]
[WhiteElo "1500"]
[BlackElo "1500"]
[PlyCount "36"]
[Result "0-1"]

1.e4 {Hello there.}  Nf6 2.e5 Nd5 3.d4 e6 4.c4 
Bb4+ 5.Bd2 Bxd2+ 6.Nxd2 Nf4 7.Ngf3 Nc6 8.Nb3 O-O 
9.Qd2 a5 10.Qxf4 a4 11.Nc5 d6 12.exd6 cxd6 13.Nd3 
f6 14.Nd2 a3 15.b3 e5 16.dxe5 fxe5 17.Qg3 Nd4 
18.Ne4 Nc2+ 0-1

[Event "HCL-B228"]
[Site "www.playchess.de"]
[Date "2001.04.17"]
[Round "6"]
[White "cmcmark"]
[Black "xenium"]
[WhiteElo "1200"]
[BlackElo "1200"]
[PlyCount "42"]
[Result "0-1"]

1.e4 e5 2.f4 d6 3.Nf3 Nf6 4.Nc3 Nc6 5.Bb5 a6 6.Ba4 
b5 7.Bb3 exf4 8.O-O Be7 9.d3 Be6 10.Bxf4 O-O 11.d4 
d5 12.e5 Ne4 13.Ne2 Bg4 14.c3 Bxf3 15.Rxf3 Qd7 
16.Bc2 f6 17.Ng3 fxe5 18.dxe5 Bc5+ 19.Kf1 Nxg3+ 
20.Bxg3 Rxf3+ 21.gxf3 Re8 0-1

[Event "HCL-C230"]
[Site "www.playchess.de"]
[Date "2001.04.17"]
[Round "17"]
[White "pajala"]
[Black "craigsadler"]
[WhiteElo "1224"]
[BlackElo "731"]
[PlyCount "109"]
[Result "1-0"]

1.e4 c6 2.Nf3 d5 3.exd5 cxd5 4.Bb5+ Nc6 5.d4 Bf5 
6.O-O e6 7.Ne5 Qc7 8.Qd2 Bd6 9.Nxc6 bxc6 10.Ba4 
Bxh2+ 11.Kh1 Be4 12.Nc3 Nf6 13.Qe2 O-O 14.f3 Bf5 
15.g4 Qg3 16.Qxh2 Qxh2+ 17.Kxh2 Bg6 18.Bxc6 Rac8 
19.Ba4 h5 20.g5 Nh7 21.f4 Bf5 22.Nb5 Bxc2 23.Bxc2 
Rxc2+ 24.Kg3 Rc4 25.b3 Rb4 26.Nxa7 Rxd4 27.Nc6 
Rd3+ 28.Rf3 Rxf3+ 29.Kxf3 g6 30.Ne7+ Kg7 31.Bb2+ 
f6 32.gxf6+ Nxf6 33.Rg1 Kf7 34.Nc6 Nd7 35.Ne5+ 
Nxe5+ 36.fxe5 Kg7+ 37.Kg2 Ra8 38.a3 Rb8 39.b4 Kf7 
40.Rf1+ Ke7 41.Rf6 Rg8 42.a4 g5 43.a5 Rb8 44.Ba3 
Rc8 45.b5+ Kd7 46.Rf7+ Ke8 47.Re7+ Kd8 48.Rxe6 
Rc2+ 49.Kf1 Rd2 50.Rd6+ Kc7 51.e6 Rd3 52.b6+ Kb7 
53.e7 Re3 54.Rd7+ Kc8 55.Rd8+ 1-0

[Event "ACL-A125"]
[Site "www.playchess.de"]
[Date "2001.04.17"]
[Round "16"]
[White "wael"]
[Black "Tony"]
[WhiteElo "1624"]
[BlackElo "1900"]
[PlyCount "36"]
[Result "0-1"]

1.e4 {hi engoy the game}  d6 {Hi Wael! It's a 
pleasure to meet you!! Have nice game you too!!}  
2.d4 {me too}  Nf6 3.Nc3 g6 4.Bc4 Bg7 5.Qe2 O-O 
6.Nf3 Bg4 7.e5 dxe5 8.dxe5 Nfd7 9.e6 Ne5 10.exf7+ 
Kh8 11.Bb3 Bxf3 12.gxf3 Nbc6 13.Be3 Nxf7 14.Rd1 
Qc8 15.Bf4 e5 16.Bg3 Nd4 17.Qd3 Ng5 18.f4 
Ngf3+ 0-1

[Event "HCL-B237"]
[Site "www.playchess.de"]
[Date "2001.04.17"]
[Round "16"]
[White "jefersonmello"]
[Black "sonnygarcia"]
[WhiteElo "1247"]
[BlackElo "1117"]
[PlyCount "59"]
[Result "1-0"]

1.e4 e6 2.d4 d5 3.e5 c5 4.c3 Qb6 5.Nf3 Bd7 6.Qc2 
Bb5 7.Bd3 Bxd3 8.Qxd3 Qa6 9.Qxa6 Nxa6 10.Nbd2 cxd4 
11.cxd4 Nb4 12.Rb1 Nxa2 13.O-O Nxc1 14.Rfxc1 Ne7 
15.Rc7 b6 16.Rbc1 g6 17.Rb7 Nf5 18.Rcc7 Nh6 19.Ng5 
Bb4 20.Ndf3 O-O 21.Nxe6 Rae8 22.Nxf8 Rxf8 23.Rbxa7 
Nf5 24.Rab7 Ba5 25.Rcd7 Rc8 26.g4 Nh6 27.h3 Rc2 
28.Ng5 Be1 29.Rb8+ Kg7 30.Ne6+ 1-0

[Event "HCL-C237"]
[Site "www.playchess.de"]
[Date "2001.04.17"]
[Round "8"]
[White "Captain_Howdy"]
[Black "dlarryjr"]
[WhiteElo "1000"]
[BlackElo "1000"]
[PlyCount "45"]
[Result "1-0"]

1.e4 e5 2.Nf3 Nc6 3.Bc4 Nf6 4.Nc3 Bb4 5.O-O Bxc3 
6.dxc3 O-O 7.Bg5 d6 8.Qd3 Bg4 9.h3 Bxh3 10.gxh3 
Qd7 11.Bxf6 Qxh3 12.Nh2 Qxd3 13.cxd3 gxf6 14.b4 
Ne7 15.Kh1 Kh8 16.Rfg1 Ng6 17.Rg4 Rfg8 18.Rag1 Ne7 
19.R4xg8+ Nxg8 20.Bxf7 Nh6 21.Bb3 b5 22.c4 Rg8 
23.Rxg8+ 1-0

[Event "ACL-A126"]
[Site "www.playchess.de"]
[Date "2001.04.17"]
[Round "17"]
[White "badplayer"]
[Black "ulibear"]
[WhiteElo "1500"]
[BlackElo "1301"]
[PlyCount "69"]
[Result "1-0"]

1.e4 {hi}  e6 {Hi - a curious name for a 
chessfriend, as we all ar bad players}  2.d4 {may 
be u r right}  d5 3.e5 c5 {from Rio or Sao Paulo?} 
 4.c3 {none i am from delhi india}  Qb6 {but 
surely an Anand fan, or?}  5.Nf3 {obviously}  Bd7 
6.Be2 cxd4 {he handles best this defence}  7.cxd4 
Bb4+ 8.Nc3 a6 9.O-O Nc6 10.a3 Be7 11.Rb1 Qc7 
{better to be careful}  12.Be3 f6 13.Qc1 Rc8 
14.Bf4 f5 15.Bd3 h6 16.Nxd5 Qd8 17.Nc3 g5 18.Be3 
g4 19.Nd2 Bg5 20.Nc4 {it has developed into an 
interesting game}  Kf8 21.Nd6 Rc7 22.Bxg5 hxg5 
23.Qe3 f4 24.Qe4 Nce7 25.d5 exd5 26.Nxd5 Nxd5 
27.Qxd5 Bc6 28.Qe6 Nh6 {lively in-fight now}  
29.Rfe1 Qe7 {without queens I'd feel better}  
30.Qg6 g3 31.hxg3 f3 32.gxf3 Bxf3 33.Qf6+ {well 
played so far}  Qxf6 {forced; last night I dreamt 
answering by ...33. f7 without seeing my hanging 
rook}  34.exf6 {it happens}  Bc6 
35.Rbc1 1-0

[Event "HCL-C241"]
[Site "www.playchess.de"]
[Date "2001.04.17"]
[Round "6"]
[White "Jiaolong"]
[Black "foxzy"]
[WhiteElo "800"]
[BlackElo "1077"]
[PlyCount "44"]
[Result "0-1"]

1.e4 c5 2.Bc4 e6 3.Nc3 Nc6 4.Nf3 g6 5.O-O Bg7 6.d4 
cxd4 7.Bg5 Bf6 8.Nb5 Bxg5 9.Nd6+ Kf8 10.g3 Be7 
11.Nb5 e5 12.c3 a6 13.Na3 dxc3 14.bxc3 Bxa3 15.h4 
Nf6 16.Ng5 Kg7 17.Nxf7 Qe7 18.Nxh8 Kxh8 19.f3 Qc5+ 
20.Kh1 Qxc4 21.Qd6 Bxd6 22.Rad1 
Bc5 0-1

[Event "HCL-C246"]
[Site "www.playchess.de"]
[Date "2001.04.17"]
[Round "1"]
[White "sonnyspock"]
[Black "chessext"]
[WhiteElo "1107"]
[BlackElo "1000"]
[PlyCount "45"]
[Result "1/2-1/2"]

1.e4 e5 2.Nf3 Nc6 3.Bb5 a6 {Looks a bit spanish 
for me :)}  4.Ba4 {It is indeed the ruy lopez.}  
Nf6 {how old are you? (just to know whom I'm 
playing with)}  5.Bxc6 dxc6 6.d3 Bg4 7.h3 Bxf3 
8.Qxf3 {35}  Be7 9.Nd2 {.}  O-O 10.Nf1 c5 11.Ne3 
b5 12.O-O c4 13.Nf5 g6 14.Qg3 Nh5 15.Qg4 cxd3 
16.Nxe7+ Qxe7 17.Bg5 f6 18.Bh6 Rfd8 19.cxd3 Rxd3 
20.Rfd1 Rad8 21.Rde1 Nf4 22.Bxf4 exf4 
23.Qxf4 1/2-1/2

[Event "HCL-B233"]
[Site "www.playchess.de"]
[Date "2001.04.17"]
[Round "13"]
[White "ddddale"]
[Black "runciter"]
[WhiteElo "1366"]
[BlackElo "1545"]
[PlyCount "61"]
[Result "1-0"]

1.d4 f5 2.h3 e6 3.g4 Qf6 4.Qd3 c5 5.Nf3 Nc6 6.Bg5 
Qg6 7.gxf5 Qxf5 8.e4 Qf7 9.Nbd2 h6 10.Bh4 cxd4 
11.Nxd4 Be7 12.Bg3 Nxd4 13.Qxd4 Nf6 14.Bd6 Bxd6 
15.Qxd6 Qe7 16.Qxe7+ Kxe7 17.e5 Nd5 18.Nc4 a6 
19.Rd1 Nb4 20.c3 Nc6 21.Rg1 Rg8 22.f4 b5 23.Nd6 
Rb8 24.h4 Nd8 25.Bd3 Kf8 26.Bh7 Rh8 27.Be4 Nf7 
28.Nxc8 Rxc8 29.Rxd7 Rc4 30.Bg6 Rxf4 
31.Bxf7 1-0

[Event "HCL-C246"]
[Site "www.playchess.de"]
[Date "2001.04.17"]
[Round "3"]
[White "chessext"]
[Black "Claire"]
[WhiteElo "1000"]
[BlackElo "755"]
[PlyCount "73"]
[Result "1-0"]

1.e4 e5 2.Nf3 Nc6 3.Bb5 Nf6 4.O-O Bc5 5.c3 O-O 
6.d4 exd4 7.cxd4 {how old are you?}  Bb4 {19, how 
about you?}  8.e5 {22 :) Where exactly from 
England are you? I've been in Camebridge 
lately...}  Ne4 {I'm in York at the moment}  
9.Nbd2 Nxd2 10.Bxd2 Bxd2 11.Qxd2 Ne7 12.Qd3 d5 
13.Ng5 Bf5 14.Qg3 {was a nice try, wasn't it :)}  
h6 {I'm still trying....}  15.Nf3 c6 16.Be2 Ng6 
17.Rad1 Qe7 18.Bd3 Bxd3 19.Rxd3 b6 20.h4 c5 
21.dxc5 bxc5 22.Rxd5 c4 23.h5 Nxe5 24.Qxe5 Qxe5 
25.Nxe5 Rab8 26.Nxc4 Rbc8 27.b3 Rfe8 28.Nd6 Red8 
29.Nxc8 Rxc8 30.Rfd1 Kh7 31.R5d7 Kg8 32.Rxa7 {i 
think you should resign ;o)}  Kf8 33.a4 Rb8 
34.Rdd7 Rc8 35.b4 Ke8 36.b5 Rd8 
37.Rdxf7 1-0

[Event "HCL-C250"]
[Site "www.playchess.de"]
[Date "2001.04.17"]
[Round "8"]
[White "myung"]
[Black "WindsorStar"]
[WhiteElo "1000"]
[BlackElo "854"]
[PlyCount "58"]
[Result "0-1"]

1.Nf3 f6 2.Nc3 c6 3.e4 e5 4.d4 exd4 5.Nxd4 Bc5 
6.Bc4 Ne7 7.O-O Bxd4 8.Qxd4 d5 9.Bd3 dxe4 10.Qxe4 
Bf5 11.Qe3 Bxd3 12.cxd3 O-O 13.Qe6+ Kh8 14.Bf4 Na6 
15.Bd6 Qc8 16.Qxe7 Rd8 17.Bg3 Rd7 18.Qe3 Qf8 
19.Rad1 b6 20.d4 Rad8 21.Bf4 Nb4 22.g4 g5 23.Bg3 
Re8 24.Qf3 c5 25.d5 Nc2 26.Ne2 Nd4 27.Nxd4 cxd4 
28.Rxd4 Qf7 29.Qf5 Red8 0-1

[Event "HCL-B254"]
[Site "www.playchess.de"]
[Date "2001.04.17"]
[Round "1"]
[White "plobi"]
[Black "Bjorn"]
[WhiteElo "1290"]
[BlackElo "1500"]
[PlyCount "42"]
[Result "0-1"]

1.d4 d5 2.c4 Nf6 3.Nf3 e6 4.Nc3 Bb4 5.Ne5 Nbd7 
6.Nxd7 Bxd7 7.Qb3 c5 8.dxc5 Qa5 9.a3 Bxc3+ 10.bxc3 
dxc4 11.Qxc4 Rc8 12.Be3 O-O 13.g3 Bc6 14.f3 Nd5 
15.Bg2 Nxe3 16.Qd3 Qxc5 17.Bh3 Rcd8 18.Qb1 Rd1+ 
19.Qxd1 Nxd1 20.Rxd1 Bxf3 21.exf3 
Qe3+ 0-1

[Event "HCL-B254"]
[Site "www.playchess.de"]
[Date "2001.04.17"]
[Round "4"]
[White "plobi"]
[Black "dgrudny"]
[WhiteElo "1290"]
[BlackElo "1470"]
[PlyCount "80"]
[Result "0-1"]

1.d4 Nf6 2.Nf3 g6 3.c4 Bg7 4.Nc3 d6 5.e4 O-O 6.Be2 
e5 7.d5 a5 8.O-O Na6 9.Bg5 h6 10.Bxf6 Qxf6 11.a3 
Bd7 12.Qd2 Nc5 13.Qc2 a4 14.Nb5 Rfc8 15.Rfb1 Nb3 
16.Ra2 c6 17.Nc3 b5 18.h3 bxc4 19.Bxc4 Rcb8 20.Qe2 
c5 21.Bxb3 Rxb3 22.Qc4 Qd8 23.Nxa4 Bxa4 24.Nd2 Rb7 
25.b3 Qb8 26.Raa1 Bd7 27.a4 f5 28.exf5 Bxf5 29.Rb2 
e4 {Sorry. Not yet.}  30.Nxe4 {what a mistake ... 
:-)}  Bxb2 31.Re1 Rb4 32.Qc2 Be5 33.Qd2 Kg7 34.Ng3 
Rxb3 35.Nxf5+ gxf5 36.g3 Rb1 37.Rxb1 Qxb1+ 38.Kg2 
Rxa4 39.Qe2 Ra1 40.g4 Qh1+ 0-1

[Event "HCL-B254"]
[Site "www.playchess.de"]
[Date "2001.04.17"]
[Round "7"]
[White "Franky"]
[Black "plobi"]
[WhiteElo "1819"]
[BlackElo "1290"]
[PlyCount "59"]
[Result "1-0"]

1.e4 {Hello}  Nf6 {hy}  2.e5 {Have a good time}  
Nd5 3.d4 d6 4.Nf3 dxe5 5.Nxe5 g6 6.Bc4 Bg7 7.Nxf7 
Kxf7 8.Qf3+ Ke8 9.Qxd5 Qxd5 10.Bxd5 Bxd4 11.c3 Bb6 
12.Bh6 Nd7 13.Bg7 Rf8 14.Bxf8 Nxf8 15.h4 Bg4 
16.Bxb7 Rd8 17.Na3 Rd1+ 18.Rxd1 Bxd1 19.Bc6+ Kd8 
20.Kxd1 Bxf2 21.Rf1 {even i got the upperhand i 
feel my opponents have better insight just like 
this game}  Ne6 22.Rxf2 Kc8 23.Rf7 Nd8 24.Rf8 a5 
{it would not say that! it looks too good for you 
...}  25.Nb5 {thanks so much for your kindness and 
your sympathy.}  a4 {you'r welcome ...}  26.c4 h5 
27.Na7+ {in what city, where do you live?}  Kb8 
{in innsbruck! do you know that???}  28.Rxd8+ 
{once i have ever been to koln-titisse on the way 
to swiss. i like the countryside of  your country} 
 Kxa7 {thanks! but at the moment it is snowy and 
cold - I want to be in the caribian area ...}  
29.c5 {so, come to bali}  Ka6 {thanks for the good 
game! good luck in your other games!}  30.Ra8+ 
{thanks so much for the game.the exciting one} 
 1-0

[Event "HCL-C255"]
[Site "www.playchess.de"]
[Date "2001.04.17"]
[Round "33"]
[White "Hubb"]
[Black "Fiver"]
[WhiteElo "1101"]
[BlackElo "1146"]
[PlyCount "112"]
[Result "0-1"]

1.e4 e6 2.d4 d5 3.e5 f5 4.Nf3 Nc6 5.Bb5 Bd7 6.c3 
a6 7.Ba4 b5 8.Bc2 Be7 9.O-O g5 10.h3 g4 11.hxg4 
fxg4 12.Nh2 h5 13.Bg6+ Kf8 14.Qd2 Kg7 15.Bd3 b4 
16.Bc2 bxc3 17.bxc3 Nh6 18.Qd3 Qe8 19.f3 g3 20.f4 
gxh2+ 21.Kxh2 Nf5 22.Qf3 h4 23.Qg4+ Qg6 24.Bd1 Nh6 
25.Qxg6+ Kxg6 26.Kh3 Nf5 27.Bg4 Nfxd4 28.cxd4 Nxd4 
29.Rf2 c5 30.Ba3 Nb5 31.Bc1 c4 32.a4 Nd4 33.Nc3 
Rab8 34.Be3 Nf5 35.Bd2 Bc5 36.Bxf5+ exf5 37.Re2 
Be6 38.a5 Kh5 39.Na4 Rb3+ 40.Kh2 Bd4 41.Rc1 Kg4 
42.Bc3 Bxc3 43.Nc5 Rb2 44.Rxb2 Bxb2 45.Rc2 c3 
46.Nxe6 Rh6 47.Nd4 Kxf4 48.e6 Rh8 49.Nc6 Re8 50.e7 
Ke4 51.Re2+ Kd3 52.Re5 c2 53.Rxd5+ Ke4 54.Rd8 c1Q 
{%}  55.Rxe8 Qxc6 56.Rg8 Qd6+ 0-1

[Event "HCL-A116"]
[Site "www.playchess.de"]
[Date "2001.04.17"]
[Round "12"]
[White "easykiller"]
[Black "Valvand"]
[WhiteElo "1676"]
[BlackElo "1600"]
[PlyCount "34"]
[Result "1/2-1/2"]

1.d4 {Hi from Slovakia}  Nf6 2.Nf3 d5 3.c4 Bg4 
4.e3 e6 5.Nc3 c5 6.cxd5 exd5 7.Qa4+ Nc6 8.Ne5 Bd7 
9.Nxd7 Qxd7 10.Bb5 cxd4 11.Bxc6 bxc6 12.exd4 Be7 
13.O-O O-O 14.Bf4 Nh5 15.Be5 f6 16.Bg3 Nxg3 
17.hxg3 Rfb8 {I think that it's draw} 
 1/2-1/2

[Event "ACL-A138"]
[Site "www.playchess.de"]
[Date "2001.04.17"]
[Round "7"]
[White "susygusy"]
[Black "andersonmello"]
[WhiteElo "1500"]
[BlackElo "1500"]
[PlyCount "39"]
[Result "1-0"]

1.e4 {good luck}  e5 2.Nf3 Nc6 {For  you  too  
!!!}  3.d4 exd4 4.Nxd4 Qf6 5.Be3 Nxd4 6.Bxd4 Qe6 
7.Bd3 c5 8.Be3 Nf6 9.c4 Nxe4 10.O-O Be7 11.Re1 Qc6 
12.Bxe4 Qxe4 13.Bxc5 Qxc4 14.Qd6 Kd8 15.Qxe7+ Kc7 
16.Qe5+ Kc6 17.Qd6+ Kb5 18.Nc3+ Ka5 19.b4+ Qxb4 
20.Bxb4+ 1-0

[Event "HCL-B260"]
[Site "www.playchess.de"]
[Date "2001.04.17"]
[Round "5"]
[White "O_Man"]
[Black "Worf"]
[WhiteElo "1180"]
[BlackElo "1615"]
[PlyCount "104"]
[Result "0-1"]

1.e4 d5 {hello, good game !}  2.exd5 {Greetings 
from Memphis, home of Elvis}  Qxd5 {i come from 
Frankfurt am Main}  3.Nc3 {good morning}  Qa5 
4.Nf3 Bf5 5.d4 c6 6.Bd2 Qc7 7.Bc4 e6 8.O-O Nf6 
9.Re1 Bd6 10.Bd3 Bxd3 11.cxd3 O-O 12.g3 Nbd7 
13.Ne4 Rfd8 14.Nxd6 Qxd6 15.Bf4 Qb4 16.b3 Nd5 
17.Bd2 Qb6 18.Ne5 Qxd4 19.Re4 Qb6 20.Ng4 N7f6 
21.Nxf6+ Nxf6 22.Rh4 Rxd3 23.Qc2 Rad8 24.Bg5 Qa5 
25.Bxf6 gxf6 26.Qe2 Qe5 27.Rg4+ Kf8 28.Qf1 Qxa1 
29.Qxa1 R3d1+ 30.Qxd1 Rxd1+ 31.Kg2 f5 32.Rf4 Rd2 
33.a4 c5 34.Kh3 Rb2 35.Rf3 Kg7 36.g4 fxg4+ 37.Kxg4 
Kg6 38.h4 h5+ 39.Kf4 f6 40.Ke4 Rd2 41.Ke3 Rd4 
42.Rg3+ Rg4 43.Kf3 Rxg3+ 44.fxg3 Kf5 {It looks not 
so good for you!}  45.Ke3 {yes, I believe you have 
won!}  Kg4 {i think so}  46.Kd3 Kxg3 47.Kc4 f5 
48.Kxc5 f4 49.Kb5 f3 50.b4 f2 51.Ka5 f1Q {%}  
52.b5 Qe1+ 0-1

[Event "HCL-C261"]
[Site "www.playchess.de"]
[Date "2001.04.17"]
[Round "4"]
[White "Max"]
[Black "trebli"]
[WhiteElo "1597"]
[BlackElo "999"]
[PlyCount "55"]
[Result "1-0"]

1.e4 c5 2.Nc3 d6 3.Nf3 Nf6 4.Bc4 e6 5.d3 Be7 6.O-O 
O-O 7.Be3 Nc6 8.a3 Bd7 9.Rb1 Rb8 10.Ng5 h6 11.Nf3 
e5 12.Nd5 a6 13.Nxf6+ Bxf6 14.h3 Qa5 15.Nd2 g5 
16.Bd5 b5 17.Qf3 Kg7 18.Qh5 Nd4 19.h4 Nxc2 20.Nb3 
Qa4 21.Bd2 c4 22.Na5 Rb6 23.dxc4 bxc4 24.Nxc4 Rb3 
25.hxg5 Bxg5 26.Bxg5 Kg8 27.Bxh6 Bb5 
28.Qg5+ 1-0

[Event "ACL-A138"]
[Site "www.playchess.de"]
[Date "2001.04.17"]
[Round "29"]
[White "Emma2001"]
[Black "andersonmello"]
[WhiteElo "1500"]
[BlackElo "1500"]
[PlyCount "72"]
[Result "0-1"]

1.e4 e5 2.Nf3 Nc6 3.Bb5 Nge7 4.Bxc6 Nxc6 5.d4 exd4 
6.Nxd4 Qf6 7.Nxc6 Qxc6 8.Nc3 Bb4 9.f3 Bxc3+ 
10.bxc3 Qxc3+ 11.Bd2 Qd4 12.c3 Qd3 13.Qb1 Qxb1+ 
14.Rxb1 b6 15.O-O Ba6 16.Rfe1 O-O 17.Bf4 d6 18.h3 
Rfe8 19.e5 dxe5 20.Bxe5 c5 21.Bf4 Bc4 22.Rxe8+ 
Rxe8 23.a3 Rd8 24.Bc7 Rd2 25.Bb8 Rd7 26.Re1 Be6 
27.f4 g6 28.Kf2 a6 29.Ke2 b5 30.Rd1 Bc4+ 31.Ke1 
Rxd1+ 32.Kxd1 Bf1 33.c4 Bxc4 34.Bd6 Bf1 35.Bxc5 
Bxg2 36.Kc2 Bxh3 0-1

[Event "ACL-A132"]
[Site "www.playchess.de"]
[Date "2001.04.17"]
[Round "14"]
[White "quant"]
[Black "Lycanth"]
[WhiteElo "1500"]
[BlackElo "1745"]
[PlyCount "42"]
[Result "0-1"]

1.e4 e5 2.Nf3 Nc6 3.Bb5 a6 4.Ba4 Nf6 5.O-O Be7 
6.Re1 b5 7.Bb3 O-O 8.a4 Bb7 9.d3 d6 10.Bd2 b4 
11.c3 bxc3 12.bxc3 d5 13.exd5 Nxd5 14.Nxe5 Nxe5 
15.Rxe5 Bf6 16.Re1 Qd6 17.d4 Rfe8 18.Na3 c5 19.Be3 
Nxc3 20.Qd3 cxd4 21.Nc2 Qc6 0-1

[Event "HCL-C243"]
[Site "www.playchess.de"]
[Date "2001.04.17"]
[Round "7"]
[White "alexander"]
[Black "flywheel"]
[WhiteElo "1000"]
[BlackElo "1198"]
[PlyCount "28"]
[Result "0-1"]

1.e4 e5 2.Nf3 Nc6 3.c3 Nf6 4.d3 Bc5 5.Be3 Bxe3 
6.fxe3 d5 7.Qc2 dxe4 8.Ng1 exd3 9.Bxd3 Bg4 10.Qa4 
Qxd3 11.Kf2 O-O 12.h3 b5 13.Qa3 Ne4+ 14.Ke1 
Qd1+ 0-1